Sports Quiz

Random Sports or NBA Quiz

NBA Player's Numbers Quiz Stats

 Plays Quiz not verified by Sporcle

Challenge
Share
Tweet
Embed
Score 0/50 Timer 10:00
0 Plays Today
Name Number % Correct
Lebron James23
100%
James Harden13
94.4%
Stephen Curry30
88.8%
Paul George13
80.9%
Jimmy Butler21
80.9%
Anthony Davis23
80.9%
Draymond Green23
80.9%
Klay Thompson11
77.5%
Buddy Hield24
73%
Demar Derozan10
70.8%
Hassan Whiteside21
69.7%
Giannis Antetokounmpo34
69.7%
Joel Embiid21
68.5%
Kemba Walker15
68.5%
Dirk Nowitzki41
68.5%
Blake Griffin32
68.5%
Gordon Hayward20
67.4%
Aaron Gordon00
66.3%
Tristan Thompson13
65.2%
Kevin Durant35
65.2%
Paul Pierce34
60.7%
Zach Randolph50
58.4%
Eric Gordon10
58.4%
Steven Adams12
58.4%
Karl Anthony-Towns32
58.4%
Name Number % Correct
Andrew Wiggins22
57.3%
Kyle Korver26
56.2%
Jamal Crawford11
56.2%
Terrence Ross31
55.1%
Jae Crowder99
55.1%
Pau Gasol16
51.7%
Enes Kanter11
50.6%
Brook Lopez11
50.6%
Lamarcus Aldridge12
48.3%
Louis Williams12
47.2%
Danny Green14
47.2%
Dennis Schroder 17
46.1%
Rudy Gobert27
46.1%
Jonas Valanciunas17
44.9%
Markieff Morris13
40.4%
Marcin Gortat13
38.2%
Brandon Knight11
38.2%
Kenneth Faried35
38.2%
Kelly Oubre Jr.12
37.1%
Jeff Teague44
34.8%
Pascal Siakam43
31.5%
Alex Len21
28.1%
Lucas Nogueira92
28.1%
Nikola Pekovic14
23.6%
Mason Plumlee24
21.3%

You're not logged in!

Compare scores with friends on all Sporcle quizzes.
Join for Free
OR
Log In

You Might Also Like...

Show Comments

Extras

Created Feb 16, 2017ReportNominate
Tags:NBA Quiz, NBA Player, player, team

Top Quizzes Today


Score Distribution

Your Account Isn't Verified!

In order to create a playlist on Sporcle, you need to verify the email address you used during registration. Go to your Sporcle Settings to finish the process.

Report this User

Report this user for behavior that violates our Community Guidelines.

Details: